[Event "GBR-ch Major op 95th"]
[Site "Liverpool"]
[Date "2008.08.07"]
[Round "10"]
[White "Makepeace, Philip"]
[Black "Stayt, Jim"]
[Result "1-0"]
[WhiteElo "2026"]
[BlackElo "2068"]
[PlyCount "69"]
[EventDate "2008.07.28"]
[EventType "swiss"]
[EventRounds "11"]
[EventCountry "ENG"]
[SourceTitle "CBM 125 Extra"]
[Source "ChessBase"]
[SourceDate "2008.09.01"]
[SourceVersion "1"]
[SourceVersionDate "2008.09.01"]
[SourceQuality "1"]

1. e4 e6 2. Qe2 e5 3. Nc3 Nf6 4. Nf3 Nc6 5. Nd5 Nd4 6. Nxd4 exd4 7. Nf4 d6 8. c3 dxc3 9. dxc3 Bd7 10. f3 Bc6 11. Be3 a6 12. g4 h6 13. 0-0-0 Qe7 14. Nd5 Nxd5 15. exd5 Bb5 16. Qf2 Bxf1 17. Rhxf1 0-0-0 18. Rfe1 Qd7 19. Qd2 b6 20. Qd4 Rg8 21. a4 a5 22. Qc4 Kb7 23. Qa2 g6 24. Rd4 Bg7 25. Rc4 Ra8 26. Kd2 Rge8 27. b4 axb4 28. Rxb4 Ra5 29. Qb3 Rea8 30. Bxb6 Bxc3+ 31. Kxc3 cxb6 32. Rxb6+ Ka7 33. Rb1 Rc8+ 34. Kd2 Qd8 35. Ra6+ 1-0

[Event "GBR-ch Major op 95th"]
[Site "Liverpool"]
[Date "2008.08.01"]
[Round "5"]
[White "Stayt, Jim"]
[Black "Varnam, Liam"]
[Result "1/2-1/2"]
[WhiteElo "2068"]
[BlackElo "2070"]
[PlyCount "49"]
[EventDate "2008.07.28"]
[EventType "swiss"]
[EventRounds "11"]
[EventCountry "ENG"]
[SourceTitle "CBM 125 Extra"]
[Source "ChessBase"]
[SourceDate "2008.09.01"]
[SourceVersion "1"]
[SourceVersionDate "2008.09.01"]
[SourceQuality "1"]

1. e4 e5 2. Nf3 Nc6 3. Bb5 a6 4. Ba4 Nf6 5. d4 exd4 6. 0-0 Be7 7. e5 Ne4 8. Nxd4 Nxd4 9. Qxd4 Nc5 10. Nc3 Nxa4 11. Qxa4 0-0 12. Bf4 b5 13. Qd4 Bb7 14. Rad1 Bc6 15. Nd5 Bg5 16. Bg3 f5 17. exf6 Bxf6 18. Nxf6+ Qxf6 19. Qxf6 Rxf6 20. Bxc7 Re8 21. Rfe1 Rfe6 22. Rxe6 Rxe6 23. Kf1 Kf7 24. f3 Ke7 25. Re1 1/2-1/2